LEADER 00938nam0-22003371i-450- 001 990003758780403321 005 20001010 010 $a0-333-17926-9 035 $a000375878 035 $aFED01000375878 035 $a(Aleph)000375878FED01 035 $a000375878 100 $a20001010d--------km-y0itay50------ba 101 0 $aita 105 $ay-------001yy 200 1 $aBritish Trade Unions 1875-1933$fJohn Lovell 205 $a1. ed. 210 $aLondon$cMacMillan$d1977 (4. rist. 1985) 215 $a75 p.$d21 cm 225 1 $aStudies in economic and social history 610 0 $aSINDACATI$aGran Bretagna$aStoria (1875-1933) 676 $a331.880941 700 1$aLovell,$bJohn$0142713 801 0$aIT$bUNINA$gRICA$2UNIMARC 901 $aBK 912 $a990003758780403321 952 $a331.880941 LOV 1$b127$fBFS 959 $aBFS 996 $aBritish Trade Unions 1875-1933$9508864 997 $aUNINA DB $aING01 LEADER 01174nam0 22002891i 450 001 UON00063970 005 20231205102321.460 100 $a20020107d1932 |0itac50 ba 101 $aeng 102 $aGB 105 $a|||| 1|||| 200 1 $aˆA ‰Guide to the Islamic Pottery of the Near East$bin the British Museum]$fR. L. Hobson 205 $aLondon : The British Museum$b1932 210 $aXVI$d104 p., c. di tav.$cill. ; 22 cm 215 $aIn testa al front.: British Museum 606 $aCERAMICA ISLAMICA$3UONC001195$2FI 620 $aGB$dLondon$3UONL003044 686 $aARA IX M$cPAESI ARABI - ARTI - COLLEZIONI$2A 700 1$aHobson$bRobert Lockhart$3UONV007439$0818129 712 02$aBritish Museum$cLondon$3UONV052108 712 $aBritish Museum Press$3UONV245832$4650 801 $aIT$bSOL$c20250516$gRICA 899 $aSIBA - SISTEMA BIBLIOTECARIO DI ATENEO$2UONSI 912 $aUON00063970 950 $aSIBA - SISTEMA BIBLIOTECARIO DI ATENEO$dSI ARA IX M 020 $eSI ARC1036 7 020 996 $aGuide to the Islamic Pottery of the Near East$93895790 997 $aUNIOR